[Event "NOR-chB"]
[Site "Moss"]
[Date "2006.07.14"]
[Round "8"]
[White "Lund, Stale"]
[Black "Solli, Espen"]
[Result "1-0"]
[WhiteElo "1421"]
[BlackElo "1400"]
[PlyCount "65"]
[EventDate "2006.07.08"]
[EventType "swiss"]
[EventRounds "9"]
[EventCountry "NOR"]
[SourceTitle "EXT 2007"]
[Source "ChessBase"]
[SourceDate "2006.11.23"]
[SourceVersion "1"]
[SourceVersionDate "2006.11.23"]
[SourceQuality "1"]

1. c4 Nf6 2. Nc3 c6 3. g3 d5 4. cxd5 cxd5 5. d4 e6 6. Nf3 Be7 7. Bg2 0-0 8. 0-0 Nbd7 9. Bd2 b6 10. Rc1 Bb7 11. a3 Rc8 12. e3 a6 13. Qb3 Ne4 14. Nxe4 Rxc1 15. Rxc1 dxe4 16. Ne1 b5 17. Qc2 Bd6 18. Bxe4 Bxe4 19. Qxe4 Nf6 20. Qc6 Bb8 21. Qxa6 Ne4 22. Bb4 Qf6 23. Nd3 Qg5 24. f4 Qg4 25. Qc8 Nd6 26. Qd7 Qe2 27. Bxd6 Qxe3+ 28. Kg2 Qxd4 29. Qxb5 Bxd6 30. Qc4 Qe3 31. Nf2 g6 32. Rd1 Bc5 33. Ng4 1-0